1152 1002 1404 1932 1785 1218 1372 1947 1109 1150 1390 1742 1161 1938 1119 1533 1062 1792 1232 1761 1447 1807 1936 1736 1624 1815 1276 1396 1520 1672 1387 1911 1740 1917 1426 1989 1656 1692 1549 1637 1314 1188 1008 1027 1918 1167 1905 1755 1781 1617 1349 1079 1400 1597 1199 1122 1684 1104 1895 1220 1832 1116 1466 1381 1543 1453 1603 1897 1304 1953 1726 1017 1385 1102 1254 1091 1711 1823 1080 1423 1201 1514 1409 1807 1904 1216 1834 1039 1355 1500 1465 1695 1800 1352 1721 1503 1652 1726 1427 BCNSPRNW ULIB Ver.6.0+V

เปลี่ยนเป็นภาษาไทย

Change to English
 แสดงรายละเอียดบรรณานุกรม
  กลับหน้าหลัก

Brief Record : Get Marc (ISO 2709) : E-mail record : QR code < ปิดหน้าต่าง
LEADER : 00000nam 2200000uu 4500
001    13399113422
003     ULIB
008    111115s2550||||th 000 0 tha d
020    ^a9789741316076
060 04 ^aW84^bก941ส 2550
100 0  ^aโกมาตร จึงเสถียรทรัพย์
245 10 ^aสุขภาพปฐมภูมิ บริการปฐมภูมิ :^bจากปรัชญาสู่ปฏิบัติการสุขภาพมิติใหม่ /^cโกมาตร จึงเสถียรทรัพย์, ประชาธิป กะทา
250    ^aพิมพ์ครั้งที่ 1
260    ^aกรุงเทพฯ :^bสำนักวิจัยสังคมและสุขภาพ (สวสส.),^c2550
300    ^a155 หน้า :^bภาพประกอบ ;^c30 ซม.
650  7 ^aบริการทางการแพทย์
650  7 ^aเวชศาสตร์ชุมชน
650  7 ^aสาธารณสุขมูลฐาน
700 0  ^aประชาธิป กะทา
710 2  ^aสำนักวิจัยสังคมและสุขภาพ
945    ^p150^l0^i15055
995    ^aกัณชพร
999    ^aใช้งานได้ทุกระบบ
รายการนี้ยังไม่มีแท็ก
คุณยังไม่ได้ล็อกอิน คุณสามารถมีกิจกรรมร่วมกับเว็บไซต์ได้ แต่ต้องล็อกอินก่อน ::
  ล็อกอิน

รายการสื่อสารสนเทศ

ลำดับที่ ประเภท เลขเรียก/บาร์โค้ด สถานที่ สถานะ
- ไม่พบข้อมูล -

รายการใกล้เคียง
    ผู้แต่ง [โกมาตร จึงเสถียรทรัพย์]

    หัวเรื่อง [บริการทางการแพทย์]
    หัวเรื่อง [เวชศาสตร์ชุมชน]
    หัวเรื่อง [สาธารณสุขมูลฐาน]

BibComment


ยังไม่เคยถูกคอมเมนท์

คอมเมนท์ทรัพยากรรายการนี้
  คอมเมนท์: สุขภาพปฐมภูมิ บร..


 Copyright 2026. Bcnsprnw @Library